Medzinárodná konferencia IFAC o účtovaní v malých a stredných podnikoch

Enregistré dans:
Détails bibliographiques
Auteur principal: Škultéty, Jozef
Format: Chapitre de livre
Langue:slovaque
Tags: Ajouter un tag
Pas de tags, Soyez le premier à ajouter un tag!

MARC

LEADER 00000naa$a2200000$$$4500
001 0061173
005 20240502071701.9
041 0 |a slo 
044 |a SK 
245 1 0 |a Medzinárodná konferencia IFAC o účtovaní v malých a stredných podnikoch  |c Jozef Škultéty 
100 1 |a Škultéty, Jozef